| 000 | 00304 a2200109 4500 | ||
|---|---|---|---|
| 020 | _a0582042992 | ||
| 082 | _a624.18 TAY | ||
| 100 | _aTaylor,G.D. | ||
| 245 |
_aConstruction Materials / _cG.D.Taylor |
||
| 260 |
_aUK : _cLongman Scientific and Technical, _b1991 |
||
| 300 |
_aix,532p. : _bill . ; _c23cm |
||
| 650 | _aconstruction materials | ||
| 999 |
_c1261 _d1261 |
||